000 00283nam a22001217a 4500
008 180730b xxu||||| |||| 00| 0 eng d
082 _a815.32
245 _aThe art of public speaking
_cLucas, S.E
300 _a2
_fCD
440 _x`9780073265322
760 _b9th
942 _2ddc
_cMX
999 _c46686
_d46686